Eğitim şart! (Record no. 5943)

MARC details
000 -BAŞLIK
Sabit Uzunlukta Kontrol Alanı 00678na a2200217 4500
001 - KONTROL NUMARASI
Denetim Alanı 19115
003 - KONTROL NUMARASI IDENTIFIER
Denetim Alanı MIRAKIL
005 - SON İŞLEM TARİHİ VE ZAMANI
Denetim Alanı 20181213155051.0
008 - SABİT-BOY VERİ ELEMANLARI - GENEL BİLGİLER
Sabit Uzunlukta Kontrol Alanı 170116b tu 000 0
040 ## - KATALOGLAMA KAYNAK
Orijinal Kataloglama Ajansı Milas
Kataloglama Dili tur
Metne Dönüştürmek Ajansı TR-AnCHP
041 ## - DİL KODU
Metin / Ses Parça Veya Ayrı Başlığın Dil Kodu tur
082 ## - DEWEY ONLU SINIFLANDIRMA NUMARASI
Sınıflandırma Numarası 370.9561
Ürün Numarası P36e 2014
090 ## - SINIFLAMA NUMARASI
Sınıflama Numarası 370.9561 P36e 2014
100 ## - ANA GİRİŞ - KİŞİSEL İSİM
Kişisel Ad Perçin, Mehmet
245 ## - BAŞLIK TABLOSU
Başlık Eğitim şart!
Başlığın Kalan bir eğitimcinin gözünden AKP'nin eğitim politikası
Sorumluluk Tablosu, Vb Mehmet Perçin
246 ## - UNVAN FORM VARYING
Başlık Doğru / Kısa Başlığı bir eğitimcinin gözünden AKP'nin eğitim politikası
260 ## - YAYIN, DAĞITIM, VB
Yayın, Dağıtım, Vb Yeri Ankara
Yayın, Dağıtım, Vb Tarihi 2014
Üretici Firma Mattek Matbaacılık
300 ## - FİZİKSEL TANIM
Kapsam 90 s.
Diğer Fiziksel Ayrıntıları fotg.
Boyutlar 21 sm.
650 ## - KONU KATMA GİRİŞ - TOPİKAL DÖNEM
Topikal Süreli Veya Coğrafi Ad Giriş Elemanı Eğitim
Genel Alt Bölümü İktidar eleştirisi
Coğrafi Alt Bölümü Türkiye
942 ## - EKLENDİ GİRİŞ ELEMANLARI (KOHA)
Sınıflandırma Veya Raf Düzeni Kaynak
Koha Öğesi Türü Books
999 ## - SİSTEM KONTROL NUMARALARI (KOHA)
Koha Biblionumber 5943
Koha Biblioitemnumber 5943
Holdings
Kalıcı Konum Mevcut Konum Edinme Tarihi Edinim Kaynak Toplam Check-Out'Lar Tam Çağrı Numarası Barkod Tarih Son Görülme İtibaren Geçerli Fiyatlar Koha Öğesi Türü
CHP Kütüphanesi CHP Kütüphanesi 12/08/2016 Bağış   370.9561 P36e 2014 010599 12/08/2016 12/08/2016 Books